[Event "Open SSM A Agosto"]
[Site "Milano ITA"]
[Date "2013.08.03"]
[Round "4"]
[White "Calandra, Mauro"]
[Black "Bracci, Andrea"]
[WhiteElo "1711"]
[BlackElo "1905"]
[Result "0-1"]
[PlyCount "90"]
[EventDate "2013.07.31"]

1. d4 d5 2. e4 c6 3. Nc3 dxe4 4. Nxe4 Bf5 5. Ng3 Bg6 6. N1e2 e6 7. Nf4 Bd6 8.
Nxg6 hxg6 9. Be3 Qc7 10. Qf3 Bxg3 11. fxg3 Nd7 12. Bd3 Ngf6 13. c4 Qa5+ 14. Bd2
Qh5 15. h3 Qxf3 16. gxf3 O-O-O 17. Be3 Nb6 18. O-O-O Rd7 19. b3 Na8 20. Kc2 Nc7
21. Rh2 b6 22. g4 Na6 23. c5 b5 24. a3 Nd5 25. Bc1 Nac7 26. h4 Kb7 27. b4 Na6
28. Kb3 Rhd8 29. h5 gxh5 30. Rxh5 Nf6 31. Be3 Nxh5 32. gxh5 Rh8 33. Rh1 Rd5 34.
h6 gxh6 35. Rxh6 Rxh6 36. Bxh6 Rxd4 37. Kc3 Rh4 38. Bd2 Nc7 39. Be1 Nd5+ 40.
Kc2 Rh2+ 41. Kb3 Kc8 42. a4 a6 43. axb5 axb5 44. Bc3 f5 45. Be5 Rf2 0-1

[Event "Open SSM A Agosto"]
[Site "Milano ITA"]
[Date "2013.08.03"]
[Round "4"]
[White "Cazzaniga, Walter"]
[Black "Bonazzi, Edoardo"]
[WhiteElo "2156"]
[BlackElo "2082"]
[Result "0-1"]
[PlyCount "176"]
[EventDate "2013.07.31"]

1. d4 Nf6 2. c4 c5 3. d5 b5 4. cxb5 a6 5. bxa6 Bxa6 6. Nc3 d6 7. Nf3 g6 8. g3
Bg7 9. Bg2 Nbd7 10. O-O Nb6 11. Re1 O-O 12. a3 Qc7 13. Nd2 Rfb8 14. Qc2 Bb7 15.
e4 Ba6 16. b3 Ng4 17. Nf3 Bd4 18. Nb5 Bxf2+ 19. Qxf2 Bxb5 20. Qc2 Nd7 21. Bf4
Qb6 22. h3 c4+ 23. Kh1 Nf2+ 24. Kh2 Nd3 25. Reb1 cxb3 26. Rxb3 Ba4 27. Rxb6
Bxc2 28. Rxb8+ Rxb8 29. Be3 N7e5 30. Nd4 Ba4 31. Kh1 Rb2 32. Bf1 Nf2+ 33. Bxf2
Rxf2 34. Bg2 Rd2 35. Nf3 Nxf3 36. Bxf3 Kg7 37. Bg2 Rd4 38. Kg1 Rd2 39. g4 g5
40. Rc1 Rd3 41. Ra1 Rc3 42. Ra2 Kf8 43. Kf2 Ke8 44. Ke2 Kd8 45. Kd2 Rb3 46. Bf1
Rf3 47. Ke2 Rb3 48. Kd2 e6 49. dxe6 fxe6 50. Bd3 Ke7 51. Ra1 Kf6 52. e5+ Kxe5
53. Bxh7 Kd4 54. Re1 Rxh3 55. Re4+ Kd5 56. Rxa4 Rxh7 57. Ra5+ Kd4 58. Rxg5 Ra7
59. Rg6 Kd5 60. Ke3 e5 61. g5 Rxa3+ 62. Kf2 e4 63. Rf6 Ke5 64. Rf8 Ra7 65. Kg3
Rg7 66. Kg4 Kd4 67. Kf4 d5 68. Ra8 Rf7+ 69. Kg4 Rf1 70. g6 e3 71. g7 e2 72.
g8=Q Rg1+ 73. Kf3 Rxg8 74. Ra4+ Kd3 75. Ra3+ Kc2 76. Ra2+ Kc1 77. Rxe2 Rf8+ 78.
Kg4 d4 79. Re4 d3 80. Rc4+ Kd1 81. Kg3 d2 82. Rc5 Ke2 83. Re5+ Kd3 84. Rd5+ Ke3
85. Rd7 Rf1 86. Re7+ Kd3 87. Rd7+ Kc3 88. Rc7+ Kb4 0-1

[Event "Open SSM A Agosto"]
[Site "Milano ITA"]
[Date "2013.08.03"]
[Round "4"]
[White "Delledonne, Francesco"]
[Black "Beltrami, Francesco"]
[WhiteElo "1916"]
[BlackElo "1873"]
[Result "0-1"]
[PlyCount "78"]
[EventDate "2013.07.31"]

1. e4 c5 2. Nf3 Nc6 3. Bb5 e6 4. Bxc6 bxc6 5. c4 d6 6. d4 Nf6 7. Nc3 cxd4 8.
Nxd4 c5 9. Ndb5 a6 10. Na3 Be7 11. O-O O-O 12. Nc2 Bb7 13. Re1 Nd7 14. Ne3 Ne5
15. Qc2 Nc6 16. Ne2 Nd4 17. Qd3 Qb6 18. Nxd4 cxd4 19. Nc2 e5 20. Bd2 a5 21. b3
Qc6 22. a3 f5 23. f3 Bc8 24. Rec1 Be6 25. Rab1 Qa6 26. Ne1 Rac8 27. c5 Qxd3 28.
Nxd3 fxe4 29. cxd6 Bxd6 30. fxe4 Bxa3 31. Rxc8 Rxc8 32. Nxe5 Bd6 33. Nc4 Bxc4
34. bxc4 Rxc4 35. Bxa5 Bf4 36. Be1 d3 37. Bg3 Bxg3 38. hxg3 d2 39. Kf2 Rc1 0-1

[Event "Open SSM A Agosto"]
[Site "Milano ITA"]
[Date "2013.08.03"]
[Round "4"]
[White "Falchi, Claudio"]
[Black "Moreschi, Mauro"]
[WhiteElo "1953"]
[BlackElo "1839"]
[Result "1-0"]
[PlyCount "129"]
[EventDate "2013.07.31"]

1. d4 b5 2. e4 Bb7 3. Bd3 Nf6 4. Qe2 e6 5. Nf3 a6 6. O-O c5 7. c3 c4 8. Bc2 Be7
9. Bg5 d6 10. Nbd2 Nbd7 11. Rfe1 h6 12. Bxf6 Nxf6 13. Rad1 Nh7 14. e5 Ng5 15.
exd6 Nxf3+ 16. Nxf3 Qxd6 17. d5 Bxd5 18. Be4 Ra7 19. Bxd5 exd5 20. Nd4 g6 21.
Qe5 O-O 22. Qxd6 Bxd6 23. Nf3 Re7 24. Rxe7 Bxe7 25. Rxd5 Rd8 26. Rxd8+ Bxd8 27.
Kf1 Kf8 28. Ke2 Bb6 29. b3 cxb3 30. axb3 Ke7 31. Nd2 Kd6 32. Kd3 Ke5 33. Nf3+
Kd5 34. c4+ bxc4+ 35. bxc4+ Kd6 36. Nd2 Ke5 37. f3 Bg1 38. h3 Kf4 39. Ke2 a5
40. Ne4 a4 41. Kd3 f5 42. Nc3 a3 43. Ne2+ Ke5 44. Kc3 Bc5 45. Nc1 g5 46. Nd3+
Kd6 47. Kb3 h5 48. Kc3 h4 49. Kb3 Kc6 50. Ne5+ Kb6 51. Nd3 f4 52. Ne1 Ka5 53.
Nc2 a2 54. Kxa2 Ka4 55. Kb2 Bb6 56. Kc3 Ba5+ 57. Kd3 Bb6 58. Nd4 Bd8 59. Ne6
Be7 60. Kd4 Ka5 61. Kd5 Kb4 62. c5 Kb5 63. Nd4+ Ka6 64. Kc6 Ka7 65. Ne6 1-0

[Event "Open SSM A Agosto"]
[Site "Milano ITA"]
[Date "2013.08.03"]
[Round "4"]
[White "Nicolo', Filippo"]
[Black "Montoli, Marco"]
[WhiteElo "2059"]
[BlackElo "1963"]
[Result "1/2-1/2"]
[PlyCount "58"]
[EventDate "2013.07.31"]

1. e4 c5 2. Nf3 e6 3. c3 d6 4. d4 Nf6 5. Bd3 Be7 6. O-O O-O 7. Qe2 Qc7 8. e5
dxe5 9. dxe5 Nd5 10. Bg5 Nc6 11. Qe4 g6 12. h4 Bxg5 13. hxg5 Kg7 14. Na3 Qe7
15. Nc4 h6 16. gxh6+ Kxh6 17. g4 Bd7 18. Kg2 Kg7 19. Rh1 Rh8 20. g5 Rag8 21.
Qg4 Qd8 22. Nd6 b6 23. Ne4 Rxh1 24. Rxh1 Rh8 25. Rxh8 Qxh8 26. Nf6 Bc8 27. Qg3
Nde7 28. Be4 Bb7 29. Qf4 Nf5 1/2-1/2

[Event "Open SSM A Agosto"]
[Site "Milano ITA"]
[Date "2013.08.04"]
[Round "5"]
[White "Beltrami, Francesco"]
[Black "Astengo, Corrado"]
[WhiteElo "1873"]
[BlackElo "2114"]
[Result "1-0"]
[PlyCount "145"]
[EventDate "2013.07.31"]

1. Nf3 d5 2. g3 Nf6 3. Bg2 e6 4. O-O Be7 5. b3 c5 6. Bb2 Nc6 7. d4 O-O 8. a3 a6
9. Nbd2 b5 10. c4 bxc4 11. bxc4 Rb8 12. Bc3 Ne4 13. Nxe4 dxe4 14. Ne5 Nxe5 15.
dxe5 Qxd1 16. Rfxd1 Rb3 17. Bd2 f5 18. exf6 Bxf6 19. Rdb1 Rb2 20. Rxb2 Bxb2 21.
Ra2 Bd4 22. e3 Bf6 23. Bxe4 Rd8 24. Ba5 Rd1+ 25. Kg2 Rc1 26. Rc2 Ra1 27. Bb6
Be7 28. Rc3 Ra2 29. Rd3 Rc2 30. Bxc5 Rxc4 31. Bxh7+ Kxh7 32. Bxe7 Bb7+ 33. Kh3
Be4 34. Rd4 Rxd4 35. exd4 Kg6 36. g4 Bd5 37. Kg3 Kf7 38. Bd8 Ke8 39. Bg5 Kf7
40. Kf4 Bc4 41. Bd8 Be2 42. h4 Bd1 43. Kg5 Be2 44. f4 Bd1 45. h5 Bf3 46. Kh4
Be2 47. g5 Bd1 48. Bc7 Be2 49. Be5 Bf3 50. g6+ Kg8 51. Kg5 Be2 52. h6 gxh6+ 53.
Kxh6 Bf3 54. Kg5 Be4 55. Kf6 Bd5 56. f5 exf5 57. Kxf5 Kf8 58. Kf6 Bc4 59. g7+
Ke8 60. Bd6 Kd7 61. Ke5 Bg8 62. d5 Bh7 63. Bb4 Bg8 64. Kd4 Bf7 65. Kc5 Bg8 66.
d6 Bf7 67. Kb6 Bc4 68. Kb7 a5 69. Bxa5 Kxd6 70. Bc3 Bd5+ 71. Kb6 Kd7 72. a4 Kc8
73. Be5 1-0

[Event "Open SSM A Agosto"]
[Site "Milano ITA"]
[Date "2013.08.04"]
[Round "5"]
[White "Bonazzi, Edoardo"]
[Black "Nicolo', Filippo"]
[WhiteElo "2082"]
[BlackElo "2059"]
[Result "1/2-1/2"]
[PlyCount "55"]
[EventDate "2013.07.31"]

1. c4 Nf6 2. Nf3 c6 3. g3 d5 4. Bg2 Bg4 5. Ne5 h5 6. cxd5 cxd5 7. Qa4+ Nbd7 8.
Nc3 e6 9. d3 a6 10. Nxd7 Qxd7 11. Qxd7+ Nxd7 12. h3 Bf5 13. e4 dxe4 14. dxe4
Bg6 15. Be3 Bc5 16. Ke2 Bxe3 17. Kxe3 O-O-O 18. Rac1 Kb8 19. Rhd1 Ne5 20. Bf1
f6 21. f4 Nc6 22. Bc4 e5 23. f5 Rxd1 24. Rxd1 Be8 25. Ne2 Kc7 26. Be6 Nd8 27.
Bb3 Nc6 28. Be6 1/2-1/2

[Event "Open SSM A Agosto"]
[Site "Milano ITA"]
[Date "2013.08.04"]
[Round "5"]
[White "Bracci, Andrea"]
[Black "Bemporad, Filippo"]
[WhiteElo "1905"]
[BlackElo "2029"]
[Result "1/2-1/2"]
[PlyCount "79"]
[EventDate "2013.07.31"]

1. e4 c5 2. Nf3 d6 3. d4 cxd4 4. Nxd4 Nf6 5. Nc3 e6 6. Be2 Be7 7. O-O O-O 8.
Kh1 a6 9. a4 Nc6 10. f4 Qc7 11. Nb3 Na5 12. Nxa5 Qxa5 13. Bf3 Rb8 14. Be3 Nd7
15. g4 Qc7 16. g5 Re8 17. Bg2 Bf8 18. Rf3 b6 19. Rh3 g6 20. f5 b5 21. axb5 axb5
22. Ra7 Rb7 23. Nxb5 Qc4 24. Na3 Qb4 25. Rxb7 Bxb7 26. Bd4 Nc5 27. Bxc5 Qxc5
28. Rc3 Qe5 29. fxg6 fxg6 30. Nc4 Qxg5 31. Qf1 Bg7 32. Nxd6 Rf8 33. Rf3 Rxf3
34. Qxf3 Qe7 35. Nxb7 Qxb7 36. b3 Qb4 37. c4 Bd4 38. Bf1 Kg7 39. Kg2 Qd2+ 40.
Kh1 1/2-1/2

[Event "Open SSM A Agosto"]
[Site "Milano ITA"]
[Date "2013.08.04"]
[Round "5"]
[White "Malescusi, Luciano"]
[Black "Moreschi, Mauro"]
[WhiteElo "1909"]
[BlackElo "1839"]
[Result "1-0"]
[PlyCount "61"]
[EventDate "2013.07.31"]

1. b3 d6 2. Bb2 e5 3. c4 Bf5 4. e3 Nd7 5. Qf3 Bxb1 6. Rxb1 c6 7. d4 Qf6 8. Qd1
Qg6 9. Nf3 e4 10. Nh4 Qg5 11. g3 Qa5+ 12. Qd2 Qxa2 13. Qc2 Qa5+ 14. Bc3 Qg5 15.
Qxe4+ Qe7 16. Qd3 Nh6 17. Bg2 Nf6 18. O-O g6 19. b4 Bg7 20. b5 d5 21. Bb4 Qd7
22. Nf3 dxc4 23. Qxc4 cxb5 24. Qd3 Nd5 25. Bc5 b6 26. Ba3 Nc7 27. Qe4+ Qe6 28.
Ne5 Rc8 29. Qb7 Bxe5 30. dxe5 f5 31. Rbc1 1-0

[Event "Open SSM A Agosto"]
[Site "Milano ITA"]
[Date "2013.08.04"]
[Round "5"]
[White "Miracola, Giorgia"]
[Black "Delledonne, Francesco"]
[WhiteElo "1882"]
[BlackElo "1916"]
[Result "1/2-1/2"]
[PlyCount "52"]
[EventDate "2013.07.31"]

1. e4 e6 2. d4 d5 3. Nc3 Bb4 4. e5 c5 5. a3 Bxc3+ 6. bxc3 Qa5 7. Bd2 Qa4 8. Nf3
Nc6 9. Be3 c4 10. Be2 Bd7 11. O-O h6 12. h4 O-O-O 13. Bc1 f6 14. Bf4 g5 15.
hxg5 fxg5 16. Bd2 Be8 17. Nh2 Bg6 18. Bg4 Re8 19. Bh5 Nge7 20. Bxg6 Nxg6 21.
Ng4 Ref8 22. Nf6 Nge7 23. Qg4 Nf5 24. Ra2 Qa5 25. Rd1 Qa4 26. Qe2 Ng7 1/2-1/2

[Event "Open SSM A Agosto"]
[Site "Milano ITA"]
[Date "2013.08.04"]
[Round "5"]
[White "Montoli, Marco"]
[Black "Mariano, Elia"]
[WhiteElo "1963"]
[BlackElo "2177"]
[Result "0-1"]
[PlyCount "84"]
[EventDate "2013.07.31"]

1. c4 Nf6 2. g3 c6 3. Bg2 d5 4. Nf3 dxc4 5. O-O b5 6. a4 Bb7 7. b3 cxb3 8. Qxb3
a6 9. Ba3 Nbd7 10. d4 e6 11. Bxf8 Kxf8 12. Nc3 Qe7 13. Rab1 g6 14. e4 Kg7 15.
Rfe1 Rab8 16. e5 Nd5 17. Nxd5 cxd5 18. Rec1 bxa4 19. Qxa4 Rhc8 20. Rxc8 Bxc8
21. Rxb8 Nxb8 22. Qc2 Bb7 23. Bf1 Nc6 24. Qd2 a5 25. Bb5 Qb4 26. Bxc6 Qxd2 27.
Nxd2 Bxc6 28. Kf1 f6 29. f4 fxe5 30. fxe5 Kh6 31. Nb1 Kg5 32. Kf2 Ba4 33. Na3
Kf5 34. Ke3 Kg4 35. Kf2 Kh3 36. Kg1 g5 37. Nb1 Bc2 38. Na3 Bd3 39. Kh1 h5 40.
Kg1 h4 41. gxh4 gxh4 42. Kh1 Kg4 0-1

[Event "Open SSM A Agosto"]
[Site "Milano ITA"]
[Date "2013.08.04"]
[Round "5"]
[White "Pelizzola, Danilo"]
[Black "Miracola, Massimiliano"]
[WhiteElo "2082"]
[BlackElo "2128"]
[Result "1/2-1/2"]
[PlyCount "29"]
[EventDate "2013.07.31"]

1. e4 d6 2. d4 Nf6 3. Nc3 e5 4. Nf3 Nbd7 5. dxe5 dxe5 6. Bc4 Be7 7. Bxf7+ Kxf7
8. Ng5+ Kg8 9. Ne6 Qe8 10. Nxc7 Qg6 11. Nxa8 Qxg2 12. Rf1 Nc5 13. Be3 Bh3 14.
Qe2 Qxf1+ 15. Qxf1 1/2-1/2

[Event "Open SSM A Agosto"]
[Site "Milano ITA"]
[Date "2013.08.04"]
[Round "5"]
[White "Sonis, Francesco"]
[Black "Falchi, Claudio"]
[WhiteElo "1733"]
[BlackElo "1953"]
[Result "1-0"]
[PlyCount "35"]
[EventDate "2013.07.31"]

1. e4 b6 2. d4 Bb7 3. Nc3 e6 4. Nf3 Bb4 5. Bd3 Nf6 6. e5 Ne4 7. Bd2 Nxd2 8.
Qxd2 c5 9. a3 Bxc3 10. bxc3 Bxf3 11. gxf3 Nc6 12. Qf4 Qe7 13. Rg1 g6 14. Ke2
O-O-O 15. Rgb1 Rhf8 16. a4 f6 17. exf6 Rxf6 18. Ba6# 1-0

[Event "Open SSM A Agosto"]
[Site "Milano ITA"]
[Date "2013.08.04"]
[Round "5"]
[White "Vezzosi, Paolo"]
[Black "Cazzaniga, Walter"]
[WhiteElo "2281"]
[BlackElo "2156"]
[Result "1-0"]
[PlyCount "97"]
[EventDate "2013.07.31"]

1. Nf3 Nf6 2. c4 g6 3. g3 Bg7 4. Bg2 c5 5. Nc3 Nc6 6. d4 cxd4 7. Nxd4 O-O 8.
O-O Ng4 9. e3 d6 10. b3 Nxd4 11. exd4 Nh6 12. Bb2 Nf5 13. Nd5 e6 14. Ne3 Rb8
15. Nxf5 gxf5 16. Qd2 b5 17. cxb5 Rxb5 18. Bc6 Rb6 19. d5 Bxb2 20. Qxb2 Bb7 21.
Rac1 Bxc6 22. Rxc6 e5 23. Rfc1 Rb5 24. Qd2 Qf6 25. Rc7 a5 26. Ra7 Rb4 27. Rxa5
Rd4 28. Qe2 f4 29. Qg4+ Kh8 30. Rc8 Rxc8 31. Qxc8+ Kg7 32. Qg4+ Kh6 33. Ra4 f3
34. Rxd4 exd4 35. Qe4 d3 36. Qxd3 Qa1+ 37. Qf1 Qxa2 38. Qc1+ Kg6 39. h4 f6 40.
g4 h5 41. Qf4 Qe2 42. Qd4 hxg4 43. Qxg4+ Kh6 44. Qd4 Kh5 45. Kh2 Qf1 46. Kg3
Qg2+ 47. Kf4 Kxh4 48. Qxf6+ Kh5 49. Ke3 1-0

[Event "Open SSM A Agosto"]
[Site "Milano ITA"]
[Date "2013.08.04"]
[Round "6"]
[White "Bemporad, Filippo"]
[Black "Cazzaniga, Walter"]
[WhiteElo "2029"]
[BlackElo "2156"]
[Result "1-0"]
[PlyCount "93"]
[EventDate "2013.07.31"]

1. d4 Nf6 2. Nf3 e6 3. g3 b6 4. Bg2 Bb7 5. O-O g6 6. c4 Bg7 7. Nc3 O-O 8. Qc2
d6 9. b3 Nbd7 10. Bb2 a6 11. Rad1 Qe7 12. Rfe1 c5 13. Qd2 Rfd8 14. e4 cxd4 15.
Nxd4 Rac8 16. Qe2 Nc5 17. Rd2 Qc7 18. f3 h5 19. Rdd1 Qb8 20. Bc1 Qa8 21. Bg5
Re8 22. Qd2 Nh7 23. Bh6 Bf6 24. Be3 Red8 25. Nde2 b5 26. Bd4 bxc4 27. Bxf6 Nxf6
28. bxc4 h4 29. Qf4 Nh5 30. Qxh4 Qa7 31. Kh1 Qb6 32. Qg5 Kg7 33. g4 Nf6 34. e5
dxe5 35. Qxe5 Ncd7 36. Rxd7 Rxd7 37. g5 Rxc4 38. Qxf6+ Kg8 39. Ne4 Qb4 40. Rf1
Bxe4 41. fxe4 Qd2 42. Bf3 Rc2 43. Rb1 Rc8 44. h4 Qxa2 45. Qa1 Qc2 46. h5 gxh5
47. Rc1 1-0

[Event "Open SSM A Agosto"]
[Site "Milano ITA"]
[Date "2013.08.04"]
[Round "6"]
[White "Bracci, Andrea"]
[Black "Beltrami, Francesco"]
[WhiteElo "1905"]
[BlackElo "1873"]
[Result "1/2-1/2"]
[PlyCount "85"]
[EventDate "2013.07.31"]

1. e4 c5 2. Nf3 Nc6 3. d4 cxd4 4. Nxd4 Nf6 5. Nc3 e5 6. Ndb5 d6 7. Bg5 a6 8.
Bxf6 gxf6 9. Na3 b5 10. Nd5 f5 11. Bd3 Be6 12. c3 Bg7 13. Nxb5 Bxd5 14. exd5
Ne7 15. Na3 Qb6 16. Nc4 Qc7 17. Be2 O-O 18. O-O Qc5 19. b4 Qxd5 20. Nxd6 Rad8
21. Qxd5 Nxd5 22. Nb7 Nxc3 23. Bxa6 Ra8 24. b5 e4 25. a4 Ne2+ 26. Kh1 Bxa1 27.
Rxa1 Rfb8 28. Nd6 Nd4 29. h4 Rb6 30. Nc4 Re6 31. Rd1 Nb3 32. Rd5 f4 33. Kg1 f6
34. a5 Raxa6 35. bxa6 Rxa6 36. Rf5 Rc6 37. Rb5 Rxc4 38. Rxb3 Rc1+ 39. Kh2 Ra1
40. g3 fxg3+ 41. Kxg3 Rxa5 42. Re3 f5 43. Kf4 1/2-1/2

[Event "Open SSM A Agosto"]
[Site "Milano ITA"]
[Date "2013.08.04"]
[Round "6"]
[White "Delledonne, Francesco"]
[Black "Falchi, Claudio"]
[WhiteElo "1916"]
[BlackElo "1953"]
[Result "1/2-1/2"]
[PlyCount "91"]
[EventDate "2013.07.31"]

1. e4 b6 2. d4 Bb7 3. Bd3 Nf6 4. Qe2 Nc6 5. c3 e5 6. d5 Ne7 7. Nf3 Ng6 8. c4
Bb4+ 9. Nc3 Bxc3+ 10. bxc3 d6 11. O-O O-O 12. Be3 Bc8 13. Qc2 Nd7 14. Bg5 f6
15. Be3 Nc5 16. Bxc5 bxc5 17. Nd2 Nf4 18. g3 Nxd3 19. Qxd3 Ba6 20. Rfb1 Qd7 21.
Qc2 Rab8 22. Rxb8 Rxb8 23. Rb1 Rb6 24. a4 Kf7 25. Kg2 Ke7 26. a5 Rxb1 27. Qxb1
Qc8 28. Qb3 Qb7 29. Qa4 Qa8 30. Qd1 Kf7 31. Qg4 Qc8 32. Qd1 Qd8 33. Qg4 Ke7 34.
Qd1 Kf7 35. Qg4 Qc8 36. Qd1 g6 37. Qa4 Ke7 38. Qb3 Qb7 39. Qd1 Qb2 40. Qg4 Qxd2
41. Qe6+ Kd8 42. Qg8+ Ke7 43. Qe6+ Kd8 44. Qg8+ Ke7 45. Qe6+ Kd8 46. Qg8+
1/2-1/2

[Event "Open SSM A Agosto"]
[Site "Milano ITA"]
[Date "2013.08.04"]
[Round "6"]
[White "Mariano, Elia"]
[Black "Bonazzi, Edoardo"]
[WhiteElo "2177"]
[BlackElo "2082"]
[Result "1-0"]
[PlyCount "105"]
[EventDate "2013.07.31"]

1. d4 Nf6 2. Nf3 c5 3. c3 e6 4. Bf4 Be7 5. e3 b6 6. Bd3 Bb7 7. Nbd2 Nc6 8. h3
d6 9. Qe2 Rc8 10. O-O O-O 11. Rad1 Qc7 12. a3 Rfe8 13. Bh2 Bf8 14. b4 Ne7 15.
e4 Ng6 16. Nc4 cxb4 17. e5 dxe5 18. dxe5 Nd5 19. Nd6 bxc3 20. Nxb7 Qxb7 21. Ba6
Ngf4 22. Bxf4 Nxf4 23. Qb5 Qc6 24. Qxc6 Rxc6 25. Bb5 c2 26. Bxc6 cxd1=Q 27.
Rxd1 Rc8 28. Bd7 Rd8 29. a4 Ne2+ 30. Kf1 Nc3 31. Rd2 Ne4 32. Rd4 Bc5 33. Rxe4
Rxd7 34. Ke2 Kf8 35. Rc4 Rd5 36. Re4 Ke7 37. Rg4 g6 38. Re4 a6 39. Ng5 Rd4 40.
Rxd4 Bxd4 41. f4 h6 42. Ne4 Bc5 43. Nxc5 bxc5 44. Kd3 Kd7 45. Kc4 Kc6 46. a5 g5
47. fxg5 hxg5 48. g3 f5 49. exf6 Kd6 50. f7 Ke7 51. Kxc5 Kxf7 52. Kd4 Kf6 53.
Ke4 1-0

[Event "Open SSM A Agosto"]
[Site "Milano ITA"]
[Date "2013.08.04"]
[Round "6"]
[White "Miracola, Giorgia"]
[Black "Malescusi, Luciano"]
[WhiteElo "1882"]
[BlackElo "1909"]
[Result "1-0"]
[PlyCount "43"]
[EventDate "2013.07.31"]

1. e4 e6 2. d4 c5 3. Nf3 cxd4 4. Nxd4 a6 5. c4 Qc7 6. Nc3 Nc6 7. Be3 Nf6 8. Be2
Bb4 9. f3 O-O 10. O-O Bxc3 11. bxc3 d5 12. cxd5 exd5 13. Bg5 Qe5 14. f4 Qxe4
15. Bxf6 gxf6 16. Nxc6 Qe3+ 17. Kh1 bxc6 18. Rf3 Qe7 19. f5 Re8 20. Bd3 Kh8 21.
Rh3 Bd7 22. Qh5 1-0

[Event "Open SSM A Agosto"]
[Site "Milano ITA"]
[Date "2013.08.04"]
[Round "6"]
[White "Miracola, Massimiliano"]
[Black "Vezzosi, Paolo"]
[WhiteElo "2128"]
[BlackElo "2281"]
[Result "1/2-1/2"]
[PlyCount "92"]
[EventDate "2013.07.31"]

1. e4 c5 2. Nf3 e6 3. d4 cxd4 4. Nxd4 a6 5. c4 Nf6 6. Nc3 Qc7 7. Be2 Bb4 8. Nc2
Be7 9. O-O d6 10. f4 Nc6 11. Be3 b6 12. Rc1 Bb7 13. Nd4 Nxd4 14. Qxd4 O-O 15.
Bf3 Nd7 16. Qd2 Rad8 17. Qf2 Bf6 18. Rfd1 Ba8 19. b4 Qb8 20. Na4 b5 21. Nb6
Nxb6 22. Bxb6 Rc8 23. cxb5 Rxc1 24. Rxc1 axb5 25. Bc7 Qc8 26. Qd2 Qa6 27. Bxd6
Rd8 28. e5 Bxf3 29. gxf3 Be7 30. Rd1 h6 31. Kg2 Qa4 32. Kg3 Qa6 33. Qd4 Qxa2
34. Ra1 Bh4+ 35. Kh3 Qe2 36. Qe4 Qb2 37. Rb1 Qf2 38. Rc1 g5 39. Rc2 Qf1+ 40.
Rg2 Rc8 41. Bc5 Rd8 42. fxg5 hxg5 43. Bd6 Rc8 44. Bc5 Rd8 45. Bd6 Rc8 46. Bc5
Rd8 1/2-1/2

[Event "Open SSM A Agosto"]
[Site "Milano ITA"]
[Date "2013.08.04"]
[Round "6"]
[White "Montoli, Marco"]
[Black "Sonis, Francesco"]
[WhiteElo "1963"]
[BlackElo "1733"]
[Result "1/2-1/2"]
[PlyCount "72"]
[EventDate "2013.07.31"]

1. c4 Nf6 2. g3 g6 3. Bg2 Bg7 4. Nc3 d6 5. Nf3 e5 6. d3 Nc6 7. O-O O-O 8. Rb1
a5 9. a3 h6 10. b4 axb4 11. axb4 Ne8 12. b5 Nd4 13. Nxd4 exd4 14. Nd5 Nf6 15.
Bb2 Nxd5 16. Bxd5 Bh3 17. Re1 Ra7 18. Ra1 Qa8 19. Qc2 Rc8 20. Rxa7 Qxa7 21. Ra1
Qb6 22. Bc1 c6 23. bxc6 bxc6 24. Rb1 Qc5 25. Bg2 Bf5 26. Qa4 Qe5 27. Bf3 g5 28.
Qa2 c5 29. Bd2 g4 30. Bf4 Qf6 31. Bd5 Re8 32. Rb6 Bf8 33. Qb2 Qd8 34. Rb7 Bg6
35. Bc6 Re6 36. Bd5 Re8 1/2-1/2

[Event "Open SSM A Agosto"]
[Site "Milano ITA"]
[Date "2013.08.04"]
[Round "6"]
[White "Moreschi, Mauro"]
[Black "Astengo, Corrado"]
[WhiteElo "1839"]
[BlackElo "2114"]
[Result "0-1"]
[PlyCount "57"]
[EventDate "2013.07.31"]

1. e4 c5 2. Nc3 e6 3. g3 Nc6 4. Bg2 Nf6 5. Nge2 Be7 6. O-O O-O 7. d4 cxd4 8.
Nxd4 Qc7 9. Be3 a6 10. a4 Ne5 11. Bf4 d6 12. Bxe5 dxe5 13. Nb3 Rd8 14. Qe2 Bd7
15. Rfd1 Rac8 16. Nc1 Bb4 17. N1a2 Bc5 18. Rd2 Bc6 19. Rad1 Rd4 20. Rxd4 exd4
21. e5 dxc3 22. exf6 Bxg2 23. Kxg2 cxb2 24. Qg4 Qc6+ 25. Kh3 Bf8 26. c3 Qc4 27.
Qxc4 Rxc4 28. Rb1 Ba3 29. Nb4 0-1

[Event "Open SSM A Agosto"]
[Site "Milano ITA"]
[Date "2013.08.04"]
[Round "6"]
[White "Pelizzola, Danilo"]
[Black "Nicolo', Filippo"]
[WhiteElo "2082"]
[BlackElo "2059"]
[Result "1/2-1/2"]
[PlyCount "46"]
[EventDate "2013.07.31"]

1. e4 e5 2. Nf3 Nc6 3. Bb5 a6 4. Ba4 Nf6 5. O-O Nxe4 6. d4 b5 7. Bb3 d5 8. dxe5
Be6 9. c3 Bc5 10. Nbd2 O-O 11. Bc2 f5 12. Nb3 Ba7 13. Nbd4 Nxd4 14. Nxd4 Bxd4
15. cxd4 f4 16. f3 Ng3 17. hxg3 fxg3 18. Qd3 Bf5 19. Qxf5 Rxf5 20. Bxf5 Qh4 21.
Bh3 Qxd4+ 22. Kh1 Qxe5 23. Bd2 c5 1/2-1/2

[Event "Open SSM A Agosto"]
[Site "Milano ITA"]
[Date "2013.08.05"]
[Round "7"]
[White "Astengo, Corrado"]
[Black "Sonis, Francesco"]
[WhiteElo "2114"]
[BlackElo "1733"]
[Result "1-0"]
[PlyCount "63"]
[EventDate "2013.07.31"]

1. e4 c5 2. Nf3 d6 3. d4 cxd4 4. Nxd4 Nf6 5. Nc3 a6 6. Bg5 e6 7. f4 Be7 8. Qf3
Qc7 9. O-O-O Nbd7 10. g4 b5 11. Bxf6 Nxf6 12. g5 Nd7 13. f5 Ne5 14. Qg3 b4 15.
Nce2 Nc6 16. g6 hxg6 17. fxe6 Bxe6 18. Nxe6 fxe6 19. Qxg6+ Kd7 20. Nf4 Nd8 21.
Bh3 Rh6 22. Qxg7 Rxh3 23. Nxh3 Rc8 24. Rd2 Qa5 25. Rhd1 Rc6 26. Kb1 Nb7 27. Nf4
Qg5 28. Ng6 Rc8 29. h4 Qf6 30. Qxf6 Bxf6 31. e5 Bg7 32. Rf2 1-0

[Event "Open SSM A Agosto"]
[Site "Milano ITA"]
[Date "2013.08.05"]
[Round "7"]
[White "Beltrami, Francesco"]
[Black "Miracola, Giorgia"]
[WhiteElo "1873"]
[BlackElo "1882"]
[Result "0-1"]
[PlyCount "142"]
[EventDate "2013.07.31"]

1. Nf3 Nf6 2. g3 g6 3. c4 Bg7 4. Nc3 d5 5. cxd5 Nxd5 6. Bg2 Nb6 7. d4 O-O 8. e4
Nc6 9. d5 Na5 10. Nd4 c6 11. O-O cxd5 12. exd5 e5 13. Nb3 Nac4 14. Nd2 Bf5 15.
Nde4 h6 16. a4 Bxe4 17. Bxe4 Nd6 18. Bg2 Nf5 19. a5 Nc4 20. Qa4 Ncd6 21. Nb5
Nxb5 22. Qxb5 Nd6 23. Qb3 Rc8 24. Be3 a6 25. Bb6 Qf6 26. Bh3 Rc4 27. Rac1 Rxc1
28. Rxc1 e4 29. Rc2 Nb5 30. Qe3 Qe5 31. Rd2 Kh7 32. Bd7 Nd6 33. Bc7 Qe7 34.
Bxd6 Qxd6 35. Bh3 f5 36. Rc2 Qxd5 37. Qd2 Rd8 38. Qc1 Qd1+ 39. Qxd1 Rxd1+ 40.
Kg2 Rd5 41. b4 Rd4 42. Rb2 Rc4 43. Rb3 Rc2 44. b5 Bd4 45. Kf1 Rxf2+ 46. Ke1 Ra2
47. bxa6 bxa6 48. Rb7+ Bg7 49. Bf1 Rxa5 50. Ra7 Ra2 51. Rxa6 Rxh2 52. Ra7 g5
53. Be2 e3 54. Bd3 Kg6 55. g4 Bc3+ 56. Kf1 Rf2+ 57. Kg1 e2 58. gxf5+ Kh5 59.
Re7 Rf1+ 60. Kg2 e1=Q 61. Rxe1 Rxe1 62. Kf2 Re7 63. Bc4 g4 64. Kg3 Be5+ 65. Kg2
Kg5 66. Be6 Rxe6 67. fxe6 Kf6 68. Kh1 Kxe6 69. Kg2 h5 70. Kh1 h4 71. Kg2 Kf5
0-1

[Event "Open SSM A Agosto"]
[Site "Milano ITA"]
[Date "2013.08.05"]
[Round "7"]
[White "Bemporad, Filippo"]
[Black "Montoli, Marco"]
[WhiteElo "2029"]
[BlackElo "1963"]
[Result "1-0"]
[PlyCount "153"]
[EventDate "2013.07.31"]

1. d4 Nf6 2. Nf3 g6 3. e3 Bg7 4. Be2 d5 5. O-O O-O 6. b3 Ne4 7. Bb2 c5 8. Ne5
Nc6 9. Nxc6 bxc6 10. c4 cxd4 11. Bxd4 e5 12. Bb2 Be6 13. Nd2 Nxd2 14. Qxd2 dxc4
15. Qxd8 Rfxd8 16. Bxc4 Bxc4 17. bxc4 Rab8 18. Bc3 e4 19. Rac1 Bxc3 20. Rxc3
Rd3 21. Rc2 Rbd8 22. g3 Rd2 23. Rfc1 Rd1+ 24. Rxd1 Rxd1+ 25. Kg2 Kf8 26. g4 g5
27. Rb2 Rc1 28. Rb4 Rc2 29. Ra4 c5 30. Kg3 Rc1 31. Kg2 Rc2 32. Rxa7 Rxc4 33. a4
Rc1 34. a5 c4 35. Rc7 c3 36. a6 c2 37. a7 Ra1 38. Rxc2 Rxa7 39. Rc5 f6 40. Rc4
Re7 41. h4 h6 42. h5 Kf7 43. Kf1 Re5 44. Ke2 Ke6 45. Ra4 Kf7 46. Kd2 Re7 47.
Kc3 Rc7+ 48. Rc4 Re7 49. Kd4 f5 50. Rc6 fxg4 51. Rxh6 Rd7+ 52. Kxe4 Rd2 53. Rg6
Rxf2 54. Rxg5 Rh2 55. Kf4 Kf6 56. Rg6+ Kf7 57. Kxg4 Rg2+ 58. Kf4 Rh2 59. Rg5
Kf6 60. Rc5 Rh4+ 61. Kf3 Rh3+ 62. Ke2 Rh4 63. Kd3 Ke6 64. e4 Rh1 65. h6 Rd1+
66. Ke3 Re1+ 67. Kf3 Rf1+ 68. Kg2 Rf4 69. Rh5 Rf8 70. h7 Rh8 71. Kg3 Kf6 72.
Kg4 Kg6 73. e5 Kg7 74. Kf5 Kf7 75. e6+ Kg7 76. Ke5 Kf8 77. Kf6 1-0